[Event "COL-ch U18 sf1"]
[Site "Ibague"]
[Date "2019.04.06"]
[Round "5.4"]
[White "Manzano Gomez, Valentina"]
[Black "Pineda Ramirez, Esteban"]
[Result "0-1"]
[WhiteElo "1604"]
[BlackElo "1639"]
[PlyCount "120"]
[EventDate "2019.04.04"]
[EventType "tourn"]
[EventRounds "6"]
[EventCountry "COL"]
[SourceTitle "EXT 2024"]
[Source "ChessBase"]
[SourceDate "2023.10.10"]
[SourceVersion "1"]
[SourceVersionDate "2023.10.10"]
[SourceQuality "1"]

1. e4 c5 2. Nf3 d6 3. d4 cxd4 4. Nxd4 Nf6 5. Nc3 g6 6. Be3 Bg7 7. f3 0-0 8. Qd2 Nc6 9. 0-0-0 d5 10. Qe1 e6 11. g4 Qc7 12. exd5 exd5 13. g5 Nh5 14. Nxd5 Qe5 15. Nc3 Nxd4 16. Rxd4 Qa5 17. Rc4 Be6 18. Rc5 Qd8 19. Qd2 Qe7 20. Bg2 b6 21. Rc6 Rfd8 22. Qf2 Rac8 23. Rxc8 Rxc8 24. Ne4 Qb4 25. c3 Bxa2 26. Qc2 Bb3 27. Nc5 Qxc5 28. Bxc5 Bxc2 29. Be3 Bf5 30. Rd1 Be5 31. h4 Bf4 32. Bxf4 Nxf4 33. Bf1 Rc7 34. Rd8+ Kg7 35. Rd4 Ne6 36. Rd5 Nc5 37. b4 Rd7 38. Rxf5 gxf5 39. bxc5 bxc5 40. Kc2 Kg6 41. Bd3 a5 42. f4 a4 43. Bb5 Ra7 44. Kb2 Kh5 45. Bd3 Kg4 46. Ka3 Kxf4 47. Bc2 Ke5 48. Bd3 f6 49. Bc2 f4 50. gxf6 Kxf6 51. Bd3 f3 52. Bb5 f2 53. Bd3 Rd7 54. Be2 Rd2 55. Bb5 Rd1 56. h5 f1Q 57. Bxf1 Rxf1 58. Kxa4 Rb1 59. Ka5 Ke5 60. Ka4 Kd5 0-1

[Event "COL-ch Superate Intercol U18"]
[Site "Barranquilla"]
[Date "2018.11.28"]
[Round "7.2"]
[White "Foronda Tovar, Carlos Andres"]
[Black "Pineda Ramirez, Esteban"]
[Result "0-1"]
[WhiteElo "1516"]
[BlackElo "1548"]
[PlyCount "70"]
[EventDate "2018.11.28"]
[EventType "swiss (blitz)"]
[EventRounds "12"]
[EventCountry "COL"]
[SourceTitle "EXT 2024"]
[Source "ChessBase"]
[SourceDate "2023.10.10"]
[SourceVersion "1"]
[SourceVersionDate "2023.10.10"]
[SourceQuality "1"]

1. d4 Nf6 2. c4 g6 3. e3 Bg7 4. Nf3 d5 5. Nbd2 c6 6. b3 0-0 7. Bb2 Bg4 8. Be2 e6 9. 0-0 Nbd7 10. h3 Bxf3 11. Nxf3 c5 12. Rc1 Ne4 13. Rc2 Ndf6 14. dxc5 Qa5 15. cxd5 exd5 16. a3 Rac8 17. b4 Qa4 18. Nd4 b6 19. Bb5 Qxc2 20. Nxc2 bxc5 21. bxc5 Rxc5 22. Bd3 Rb8 23. Bd4 Ra5 24. Be5 Rc8 25. Bb2 Nc3 26. Bxc3 Rxc3 27. Qd2 Rac5 28. Rc1 Ne4 29. Bxe4 dxe4 30. Qd8+ Bf8 31. Qd2 h5 32. a4 Rc8 33. a5 Bg7 34. a6 R3c6 35. Kh2 Bb2 0-1

[Event "COL-ch Superate Intercol U18"]
[Site "Barranquilla"]
[Date "2018.11.28"]
[Round "8.2"]
[White "Pineda Ramirez, Esteban"]
[Black "Foronda Tovar, Carlos Andres"]
[Result "1-0"]
[WhiteElo "1548"]
[BlackElo "1516"]
[PlyCount "52"]
[EventDate "2018.11.28"]
[EventType "swiss (blitz)"]
[EventRounds "12"]
[EventCountry "COL"]
[SourceTitle "EXT 2024"]
[Source "ChessBase"]
[SourceDate "2023.10.10"]
[SourceVersion "1"]
[SourceVersionDate "2023.10.10"]
[SourceQuality "1"]

1. e4 e5 2. Nf3 Nc6 3. Bc4 Bc5 4. c3 d6 5. d4 exd4 6. cxd4 Bb6 7. 0-0 Nf6 8. Bg5 h6 9. Bh4 g5 10. Bg3 Bg4 11. Qd3 Qd7 12. Bb5 a6 13. Ba4 Bxf3 14. d5 Bxe4 15. dxc6 Bxc6 16. Re1+ Kf8 17. Bxc6 Qxc6 18. Qf5 Nd5 19. Nd2 Kg7 20. Ne4 f6 21. Rad1 Nb4 22. Qxf6+ Kg8 23. Qe6+ Kg7 24. Qf6+ Kg8 25. Qg6+ Kf8 26. Nxd6 Bxf2+ 1-0

[Event "COL-ch U18 rap"]
[Site "Barranquilla"]
[Date "2018.11.27"]
[Round "6"]
[White "Pineda Ramirez, Esteban"]
[Black "Vargas Viscaino, Jesus Daniel"]
[Result "0-1"]
[WhiteElo "1625"]
[BlackElo "1550"]
[PlyCount "50"]
[EventDate "2018.11.27"]
[EventType "swiss (rapid)"]
[EventRounds "6"]
[EventCountry "COL"]
[SourceTitle "CBM 187 Extra"]
[Source "ChessBase"]
[SourceDate "2018.11.04"]
[SourceVersion "1"]
[SourceVersionDate "2018.11.04"]
[SourceQuality "1"]

1. e4 c5 2. Nf3 d6 3. d4 cxd4 4. Nxd4 Nf6 5. Nc3 a6 6. Bc4 e6 7. Bg5 Be7 8. Bb3 0-0 9. Qd2 Nc6 10. f3 Qb6 11. Be3 Qc7 12. 0-0 Bd7 13. Rad1 Rfd8 14. Qf2 b5 15. Nxc6 Qxc6 16. Qg3 Qc7 17. Ne2 a5 18. c3 a4 19. Bc2 Bc6 20. Nd4 Be8 21. Bd3 Qb8 22. Qh3 d5 23. exd5 Rxd5 24. Nxe6 Rh5 25. Qg3 Qxg3 0-1

[Event "COL-ch Amateur U1700"]
[Site "Bogota"]
[Date "2017.03.03"]
[Round "3"]
[White "Pineda Ramirez, Esteban"]
[Black "Perez Barajas, Santiago"]
[Result "1-0"]
[WhiteElo "1558"]
[BlackElo "1424"]
[PlyCount "73"]
[EventDate "2017.03.02"]
[EventType "swiss"]
[EventRounds "7"]
[EventCountry "COL"]
[SourceTitle "CBM 177 Extra"]
[Source "ChessBase"]
[SourceDate "2017.04.27"]
[SourceVersion "1"]
[SourceVersionDate "2017.04.27"]
[SourceQuality "1"]

1. e4 e6 2. d4 d5 3. Nc3 c5 4. dxc5 Bxc5 5. exd5 Nf6 6. dxe6 Qxd1+ 7. Nxd1 Bxe6 8. Be3 Nbd7 9. Bb5 h6 10. Nf3 Be7 11. Ne5 0-0 12. Nxd7 Nxd7 13. 0-0 a6 14. Ba4 Nc5 15. Bb3 Nxb3 16. axb3 Rad8 17. Nc3 Bf5 18. Rac1 Rfe8 19. Ne2 Bg5 20. Bxg5 hxg5 21. Ng3 Bg6 22. c3 f5 23. f4 gxf4 24. Rxf4 Rd2 25. Rf2 Red8 26. Rcf1 Rxf2 27. Rxf2 Rf8 28. Ne2 Bh7 29. Nd4 g5 30. Ne6 Rf6 31. Nxg5 Bg6 32. Nf3 Kh7 33. Kf1 Kh6 34. Ne5 Bh5 35. h3 f4 36. g4 fxg3 37. Rxf6+ 1-0

[Event "COL-ch U16 m sf3"]
[Site "Pereira"]
[Date "2016.05.29"]
[Round "5.9"]
[White "Pineda Ramirez, Esteban"]
[Black "Henao, Sebastian"]
[Result "0-1"]
[WhiteElo "1445"]
[BlackElo "1440"]
[PlyCount "102"]
[EventDate "2016.05.27"]
[EventType "swiss"]
[EventRounds "6"]
[EventCountry "COL"]
[SourceTitle "EXT 2024"]
[Source "ChessBase"]
[SourceDate "2023.10.10"]
[SourceVersion "1"]
[SourceVersionDate "2023.10.10"]
[SourceQuality "1"]

1. e4 d5 2. exd5 Qxd5 3. Nc3 Qa5 4. d3 c6 5. Bd2 Qc7 6. Nf3 Bg4 7. Be2 e6 8. Nd4 Bxe2 9. Qxe2 Nf6 10. 0-0-0 Bd6 11. Ne4 Nxe4 12. Qxe4 Nd7 13. Nf5 Be5 14. Ng3 Qb6 15. Qb4 Qxf2 16. Bc3 Qf4+ 17. Bd2 Qxb4 18. Bxb4 Bxg3 19. hxg3 f6 20. Rde1 Kf7 21. Re2 c5 22. Bc3 e5 23. Rf1 Rhe8 24. g4 h6 25. Bd2 Kg6 26. g3 Re7 27. Rfe1 Rae8 28. a4 Nf8 29. Be3 b6 30. b3 Ne6 31. Kd2 Ng5 32. Bxg5 Kxg5 33. Re4 Rd7 34. c3 Red8 35. R1e3 Rh8 36. Rf3 h5 37. gxh5 Rxh5 38. Rf2 Rh3 39. Rg2 Rh1 40. Rge2 Ra1 41. R2e3 Ra2+ 42. Kc1 Rh2 43. Rf3 Rd8 44. Rfe3 Rdh8 45. Rf3 Rg2 46. Rh4 Rxh4 47. gxh4+ Kxh4 48. Rf1 Kg5 49. Rh1 f5 50. Rh7 Kg6 51. Rh8 f4 0-1